00452cam a2200121 4500008004100000035001200041050002300053245007000076260010200146300002400248610003700272650002100309090210s1989 mx a 000 0 spa u aa47870804aLE7.I57 bI57 198910aInstituto Luis Vives : bColegio español de México, 1939-1989 aMéxico: bEmbajada de España en México bAgencia Española de Cooperación Internacional. a65 p.:bil. c21cm. a Instituto Luis Vives (México) 7aHistoria 2 Lemb